000 nam a22 7a 4500
999 _c9029
_d9029
008 180122b ||||| |||| 00| 0 eng d
100 _aSawhney. P
_9339
245 _aWork book Math Magic
260 _aNew Delhi
_bArya Publication
_c2007